[Event "ENG-ch Seniors 50"]
[Site "Kenilworth"]
[Date "2024.05.28"]
[Round "7"]
[White "Donnelly, Andrew J"]
[Black "Ciuravin, Andrei"]
[Result "0-1"]
[WhiteElo "1782"]
[BlackElo "2046"]
[PlyCount "82"]
[EventDate "2024.05.24"]
[EventType "swiss"]
[EventRounds "7"]
[EventCountry "ENG"]
[SourceTitle "CBM 220 Extra"]
[Source "ChessBase"]
[SourceDate "2024.07.31"]
[SourceVersion "1"]
[SourceVersionDate "2024.07.31"]
[SourceQuality "1"]

1. Nf3 c5 2. g3 b6 3. Bg2 Bb7 4. 0-0 Nf6 5. c4 e6 6. Nc3 a6 7. d3 Be7 8. Bg5 d6 9. Rb1 Qc7 10. Bxf6 Bxf6 11. Ne4 Be7 12. Qc2 0-0 13. h4 Nd7 14. Neg5 Nf6 15. e4 h6 16. Nh3 d5 17. e5 Ng4 18. Rbe1 Rad8 19. Qe2 dxc4 20. dxc4 h5 21. Nf4 g6 22. Nh2 Nh6 23. g4 hxg4 24. Nxg4 Nf5 25. h5 g5 26. Nh3 Kh8 27. Nf6 Bxg2 28. Kxg2 Bxf6 29. exf6 g4 30. Qxg4 Rg8 31. Ng5 Rxg5 32. Qxg5 Rg8 33. Qxg8+ Kxg8 34. Rh1 Qd8 35. h6 Kh7 36. Rh3 Qxf6 37. b3 Qg5+ 38. Kh2 Qd2 39. Rg1 Qxa2 40. Rg2 Qd2 41. Kh1 b5 0-1